[Event "First Saturday 2011 szeptember FM"]
[Site "Budapest"]
[Date "2011.09.09"]
[Round "7"]
[White "Juracsik, Jozsef"]
[Black "Letay, Gyula"]
[Result "1/2-1/2"]
[WhiteElo "2178"]
[BlackElo "2028"]
[PlyCount "39"]
[EventDate "2011.09.03"]

1. e4 c5 2. Nf3 d6 3. d4 cxd4 4. Nxd4 Nf6 5. Nc3 a6 6. Be2 e5 7. Nf3 h6 8. O-O
Be6 9. Re1 Nbd7 10. Bf1 Rc8 11. Nd5 Bxd5 12. exd5 Nb6 13. g3 Be7 14. Bg2 Qc7
15. c3 Nfd7 16. Nh4 Bxh4 17. gxh4 Nf6 18. Be3 Nc4 19. Bc1 Nb6 20. Be3 1/2-1/2

[Event "First Saturday 2011 szeptember FM"]
[Site "Budapest"]
[Date "2011.09.09"]
[Round "7"]
[White "Dancs, Zsolt"]
[Black "Mayer, Istvan"]
[Result "1/2-1/2"]
[WhiteElo "2156"]
[BlackElo "2063"]
[PlyCount "23"]
[EventDate "2011.09.03"]

1. e4 e6 2. d4 d5 3. e5 c5 4. c3 Nc6 5. Nf3 Qb6 6. Be2 Bd7 7. O-O a6 8. a3 f6
9. dxc5 Qxc5 10. Be3 Qe7 11. exf6 Nxf6 12. c4 1/2-1/2

[Event "First Saturday 2011 szeptember FM"]
[Site "Budapest"]
[Date "2011.09.09"]
[Round "7"]
[White "Zala, Gyula"]
[Black "Darazs, Zoltan"]
[Result "1/2-1/2"]
[WhiteElo "2003"]
[BlackElo "2127"]
[PlyCount "66"]
[EventDate "2011.09.03"]

1. d4 Nf6 2. e3 g6 3. f4 Bg7 4. Nf3 O-O 5. c3 d5 6. Be2 c5 7. O-O Nc6 8. Qe1
Ne4 9. Nbd2 f5 10. Nb3 c4 11. Nbd2 b5 12. Kh1 b4 13. Nxe4 fxe4 14. Ng1 a5 15.
Bd2 Qb6 16. g4 Rf7 17. Qg3 Qc7 18. Rf2 Bd7 19. Raf1 Rb8 20. Bd1 bxc3 21. Bxc3
Nb4 22. a3 Nd3 23. Rg2 Rb7 24. Rd2 Qb8 25. Qg2 h6 26. g5 hxg5 27. Qxg5 Bf5 28.
Qg2 Rf6 29. Rxd3 cxd3 30. Rf2 Qe8 31. Qg3 Qd7 32. Rg2 Kf7 33. Qh4 Rb8 {
after 36 move} 1/2-1/2

[Event "First Saturday 2011 szeptember FM"]
[Site "Budapest"]
[Date "2011.09.09"]
[Round "7"]
[White "Farkas, Richard"]
[Black "Heyl, Thomas"]
[Result "0-1"]
[WhiteElo "2009"]
[BlackElo "2069"]
[PlyCount "92"]
[EventDate "2011.09.03"]

1. e4 c5 2. c4 e6 3. Nc3 Nc6 4. g3 Nf6 5. Bg2 d6 6. Nge2 Be7 7. O-O O-O 8. Rb1
Rb8 9. a3 a6 10. d4 cxd4 11. Nxd4 Bd7 12. h3 Qc7 13. Nxc6 bxc6 14. f4 Rfd8 15.
Qe2 c5 16. f5 Bc6 17. Bf4 e5 18. Bd2 Rb3 19. Be3 Qb7 20. Nd5 Bxd5 21. cxd5 Rb8
22. g4 Rxb2 23. Rxb2 Qxb2 24. Qxa6 Rb3 25. Bc1 Qd4+ 26. Kh2 Nxe4 27. f6 Bf8 28.
fxg7 Kxg7 29. Qa7 Nf2 30. Qd7 e4 31. Bh6+ Kxh6 32. Qxf7 e3 33. Qxf8+ Kg5 34.
h4+ Kg6 35. Qxd6+ Kg7 36. Qe7+ Kg8 37. Qd6 Kg7 38. Qe7+ Kg8 39. Qe6+ Kg7 40. d6
Nxg4+ 41. Kh1 Nf2+ 42. Rxf2 Qxh4+ 43. Bh3 Rb1+ 44. Kh2 Qxf2+ 45. Bg2 Qh4+ 46.
Bh3 Rb2+ 0-1

[Event "First Saturday 2011 szeptember FM"]
[Site "Budapest"]
[Date "2011.09.09"]
[Round "7"]
[White "Jamalia, Natalie"]
[Black "Tran, Minh Thang"]
[Result "1/2-1/2"]
[WhiteElo "1942"]
[BlackElo "2133"]
[PlyCount "24"]
[EventDate "2011.09.03"]

1. e4 e6 2. d4 d5 3. Nc3 Bb4 4. e5 c5 5. a3 Bxc3+ 6. bxc3 Qa5 7. Bd2 Qa4 8. Qb1
c4 9. g3 Ne7 10. Bh3 Nbc6 11. Ne2 Bd7 12. O-O O-O-O 1/2-1/2

[Event "First Saturday 2011 szeptember FM"]
[Site "Budapest"]
[Date "2011.09.10"]
[Round "8"]
[White "Heyl, Thomas"]
[Black "Jamalia, Natalie"]
[Result "1/2-1/2"]
[WhiteElo "2069"]
[BlackElo "1942"]
[PlyCount "38"]
[EventDate "2011.09.03"]

1. d4 d5 2. Nf3 Nf6 3. e3 e6 4. Bd3 c5 5. b3 Nc6 6. O-O Bd6 7. Bb2 O-O 8. Nbd2
a6 9. a3 b5 10. dxc5 Bxc5 11. Nd4 Nxd4 12. exd4 Bd6 13. f4 Qc7 14. Qf3 Bb7 15.
g4 Rac8 16. Rae1 Ne4 17. Re2 f5 18. g5 g6 19. Qe3 Qe7 1/2-1/2

[Event "First Saturday 2011 szeptember FM"]
[Site "Budapest"]
[Date "2011.09.10"]
[Round "8"]
[White "Darazs, Zoltan"]
[Black "Farkas, Richard"]
[Result "1/2-1/2"]
[WhiteElo "2127"]
[BlackElo "2009"]
[PlyCount "54"]
[EventDate "2011.09.03"]

1. e4 c5 2. Nf3 e6 3. d4 cxd4 4. Nxd4 a6 5. Bd3 Bc5 6. Nb3 Be7 7. O-O Nc6 8. f4
d6 9. c4 Nf6 10. Nc3 O-O 11. Be3 b6 12. Qe2 Bb7 13. Rac1 Nd7 14. Rf3 Nc5 15.
Nxc5 bxc5 16. Rh3 g6 17. e5 dxe5 18. fxe5 Bg5 19. Ne4 Nd4 20. Qd2 Be7 21. Kh1
Bxe4 22. Bxe4 Rb8 23. Bxd4 Bg5 24. Be3 Qxd2 25. Bxd2 Bxd2 26. Rc2 Bf4 27. Ra3
Bxe5 1/2-1/2

[Event "First Saturday 2011 szeptember FM"]
[Site "Budapest"]
[Date "2011.09.10"]
[Round "8"]
[White "Mayer, Istvan"]
[Black "Zala, Gyula"]
[Result "0-1"]
[WhiteElo "2063"]
[BlackElo "2003"]
[PlyCount "44"]
[EventDate "2011.09.03"]

1. e4 g6 2. d4 Bg7 3. c3 c5 4. Nf3 Na6 5. Na3 b6 6. Bc4 Nc7 7. O-O d6 8. Bg5 f6
9. Be3 Kf8 10. dxc5 bxc5 11. Qb3 Nh6 12. h3 g5 13. Nh2 Bd7 14. Rfd1 Rb8 15. Qc2
Qe8 16. Rab1 Nf7 17. b4 cxb4 18. cxb4 Ne6 19. Qe2 Ne5 20. Bxe6 Bxe6 21. Nc2 Qa4
22. Rdc1 Kf7 0-1

[Event "First Saturday 2011 szeptember FM"]
[Site "Budapest"]
[Date "2011.09.10"]
[Round "8"]
[White "Szatmari, David"]
[Black "Juracsik, Jozsef"]
[Result "0-1"]
[WhiteElo "2021"]
[BlackElo "2178"]
[PlyCount "54"]
[EventDate "2011.09.03"]

1. e4 c5 2. Nf3 Nc6 3. d4 cxd4 4. Nxd4 Nf6 5. Nc3 d6 6. Bg5 e6 7. Bc4 Be7 8. f3
O-O 9. Qd2 a6 10. Bb3 Qc7 11. O-O-O Na5 12. g4 b5 13. h4 Nxb3+ 14. Nxb3 Rd8 15.
Bf4 Bb7 16. h5 b4 17. Ne2 e5 18. Be3 d5 19. Qe1 dxe4 20. Rxd8+ Rxd8 21. g5 Nd5
22. Ng3 Nxe3 23. Qxe3 exf3 24. g6 fxg6 25. hxg6 hxg6 26. Rg1 a5 27. Nd2 Bc5 0-1

[Event "First Saturday 2011 szeptember FM"]
[Site "Budapest"]
[Date "2011.09.11"]
[Round "9"]
[White "Dancs, Zsolt"]
[Black "Szatmari, David"]
[Result "1/2-1/2"]
[WhiteElo "2156"]
[BlackElo "2021"]
[PlyCount "40"]
[EventDate "2011.09.03"]

1. e4 c5 2. Nf3 Nc6 3. d4 cxd4 4. Nxd4 Nf6 5. Nc3 e5 6. Ndb5 d6 7. Bg5 a6 8.
Na3 Be7 9. Qd2 O-O 10. f3 b5 11. Ne2 Be6 12. Ng3 h6 13. Be3 Rc8 14. c4 b4 15.
Nc2 a5 16. b3 Nd7 17. Bd3 Bg5 18. Bxg5 Qxg5 19. Qxg5 hxg5 20. Ne3 Nc5 1/2-1/2

[Event "First Saturday 2011 szeptember FM"]
[Site "Budapest"]
[Date "2011.09.11"]
[Round "9"]
[White "Zala, Gyula"]
[Black "Letay, Gyula"]
[Result "0-1"]
[WhiteElo "2003"]
[BlackElo "2028"]
[PlyCount "65"]
[EventDate "2011.09.03"]

1. d4 d5 2. e3 e6 3. Nd2 f5 4. Bd3 c5 5. c3 b6 6. Qh5+ g6 7. Qe2 Nf6 8. f3 Nc6
9. a3 Bg7 10. b4 O-O 11. Ra2 Qd6 12. Nh3 e5 13. dxc5 bxc5 14. b5 Nd8 15. c4 Ne6
16. cxd5 Nxd5 17. Nc4 Qe7 18. Qc2 Bb7 19. O-O Rad8 20. Bd2 Kh8 21. Ba5 Nb6 22.
Qb1 Bd5 23. e4 Bxc4 24. Bxc4 Qd6 25. Rd2 Nd4 26. Ba2 Rd7 27. Ng5 Qf6 28. h4 h6
29. Bxb6 axb6 30. Ne6 Nxf3+ 31. Rxf3 Rxd2 32. Nxf8 Qxf8 33. Qb3 {after 20 move}
0-1

[Event "First Saturday 2011 szeptember FM"]
[Site "Budapest"]
[Date "2011.09.11"]
[Round "9"]
[White "Farkas, Richard"]
[Black "Mayer, Istvan"]
[Result "1/2-1/2"]
[WhiteElo "2009"]
[BlackElo "2063"]
[PlyCount "64"]
[EventDate "2011.09.03"]

1. d4 d5 2. c4 dxc4 3. Nc3 a6 4. a4 Nf6 5. e4 Nc6 6. Nf3 Bg4 7. d5 Na5 8. h3
Bh5 9. e5 Nd7 10. Bf4 Nc5 11. Be2 e6 12. O-O exd5 13. Nxd5 Ne6 14. Rc1 c6 15.
Ng5 cxd5 16. Bxh5 Nxg5 17. Bxg5 Qxg5 18. Bxf7+ Kxf7 19. Qxd5+ Kg6 20. Qxa5 Qd8
21. Qe1 Qd3 22. Rd1 Qf5 23. Qe3 Re8 24. f4 h5 25. Rf3 Rh6 26. g4 hxg4 27. hxg4
Qc2 28. Rd2 Qc1+ 29. Rf1 Bc5 30. Rd6+ Kf7 31. Rd7+ Ke6 32. Rd6+ Ke7 1/2-1/2

[Event "First Saturday 2011 szeptember FM"]
[Site "Budapest"]
[Date "2011.09.11"]
[Round "9"]
[White "Jamalia, Natalie"]
[Black "Darazs, Zoltan"]
[Result "1-0"]
[WhiteElo "1942"]
[BlackElo "2127"]
[PlyCount "67"]
[EventDate "2011.09.03"]

1. e4 c5 2. Nf3 Nc6 3. d4 cxd4 4. Nxd4 Nf6 5. Nc3 e5 6. Ndb5 d6 7. Bg5 a6 8.
Bxf6 gxf6 9. Na3 b5 10. Nd5 Bg7 11. c3 f5 12. exf5 Bxf5 13. Qf3 Be6 14. Nf6+
Bxf6 15. Qxc6+ Ke7 16. Be2 Qd7 17. Qxd7+ Kxd7 18. Bf3 d5 19. Rd1 Kc6 20. Nc2
Rhg8 21. Nb4+ Kb6 22. Nxd5+ Bxd5 23. Rxd5 Rad8 24. Ke2 Rxd5 25. Bxd5 Rg7 26.
Rd1 Be7 27. g3 a5 28. Be4 f6 29. Rd7 b4 30. c4 a4 31. b3 axb3 32. axb3 h6 33.
Rb7+ Kc5 34. Kd3 1-0

[Event "First Saturday 2011 szeptember FM"]
[Site "Budapest"]
[Date "2011.09.11"]
[Round "9"]
[White "Tran, Minh Thang"]
[Black "Heyl, Thomas"]
[Result "1-0"]
[WhiteElo "2133"]
[BlackElo "2069"]
[PlyCount "65"]
[EventDate "2011.09.03"]

1. d4 d5 2. Bf4 Nf6 3. e3 c5 4. dxc5 e6 5. b4 a5 6. c3 Nc6 7. Bb5 Bd7 8. Qb3
axb4 9. cxb4 b6 10. Bxc6 Bxc6 11. b5 Bb7 12. c6 Bc8 13. Nd2 Nh5 14. Be5 Qg5 15.
Ngf3 Qxg2 16. Rg1 Qh3 17. a4 Bc5 18. a5 O-O 19. axb6 Rxa1+ 20. Bxa1 Bxb6 21.
Be5 f6 22. Bd6 Rd8 23. Qb4 e5 24. Be7 Re8 25. Bc5 Nf4 26. exf4 exf4+ 27. Kd1
Bg4 28. Rxg4 Bxc5 29. Qxc5 Qxg4 30. Qxd5+ Kf8 31. b6 Qc8 32. Qd6+ Kf7 33. b7
1-0

[Event "First Saturday 2011 szeptember FM"]
[Site "Budapest"]
[Date "2011.09.12"]
[Round "10"]
[White "Darazs, Zoltan"]
[Black "Tran, Minh Thang"]
[Result "1/2-1/2"]
[WhiteElo "2127"]
[BlackElo "2133"]
[PlyCount "37"]
[EventDate "2011.09.03"]

1. d4 e6 2. Nf3 f5 3. c4 Nf6 4. g3 c6 5. Bg2 d5 6. O-O Bd6 7. Qc2 Nbd7 8. Bf4
Bxf4 9. gxf4 Ne4 10. Ne5 Nxe5 11. dxe5 O-O 12. b4 Qb6 13. cxd5 cxd5 14. Qb3 Qd4
15. Bxe4 fxe4 16. e3 Qb6 17. Nd2 Bd7 18. a4 Be8 19. f3 1/2-1/2

[Event "First Saturday 2011 szeptember FM"]
[Site "Budapest"]
[Date "2011.09.12"]
[Round "10"]
[White "Mayer, Istvan"]
[Black "Jamalia, Natalie"]
[Result "1-0"]
[WhiteElo "2063"]
[BlackElo "1942"]
[PlyCount "91"]
[EventDate "2011.09.03"]

1. e4 c5 2. Nf3 d6 3. c3 Nf6 4. e5 dxe5 5. Nxe5 Qd5 6. d4 e6 7. Be3 cxd4 8.
cxd4 Bb4+ 9. Nc3 O-O 10. Qa4 Bxc3+ 11. bxc3 Nbd7 12. Nf3 Nb6 13. Qb3 Qxb3 14.
axb3 Nbd5 15. c4 Nxe3 16. fxe3 Bd7 17. Ne5 Rfd8 18. Be2 a6 19. Bf3 Rab8 20. O-O
Be8 21. Rfc1 Nd7 22. Nd3 f5 23. c5 g5 24. g3 Nf6 25. Ne5 f4 26. gxf4 gxf4 27.
Kf2 fxe3+ 28. Kxe3 Nd5+ 29. Bxd5 Rxd5 30. Rg1+ Kh8 31. Raf1 Bg6 32. Rf6 Rxe5+
33. dxe5 Rd8 34. Rxe6 Rd3+ 35. Ke2 Rxb3 36. Rb6 Rc3 37. Rxb7 Rxc5 38. Rg5 Rc2+
39. Ke3 Rc3+ 40. Kd4 Rd3+ 41. Kc4 Re3 42. Ra7 Re1 43. Kc5 Re2 44. h4 Rc2+ 45.
Kd6 Rc8 46. e6 1-0

[Event "First Saturday 2011 szeptember FM"]
[Site "Budapest"]
[Date "2011.09.12"]
[Round "10"]
[White "Letay, Gyula"]
[Black "Farkas, Richard"]
[Result "0-1"]
[WhiteElo "2028"]
[BlackElo "2009"]
[PlyCount "100"]
[EventDate "2011.09.03"]

1. e4 c5 2. Nc3 Nc6 3. g3 g6 4. Bg2 Bg7 5. d3 d6 6. Be3 e6 7. Qd2 Rb8 8. Nge2
Nd4 9. O-O b5 10. Nd1 Ne7 11. Nc1 O-O 12. c3 Ndc6 13. Bh6 Qb6 14. Bxg7 Kxg7 15.
Ne3 f5 16. f4 e5 17. Ne2 Be6 18. Kh1 Rbd8 19. Nd5 Bxd5 20. exd5 Nb8 21. d4 cxd4
22. cxd4 e4 23. a3 Nxd5 24. g4 Nc6 25. gxf5 gxf5 26. Rad1 Na5 27. b3 Nf6 28.
Ng3 Nd5 29. Nxf5+ Rxf5 30. Bxe4 Ne7 31. Rg1+ Kh8 32. Bxf5 Nxf5 33. Qd3 Rf8 34.
Rg5 Qb7+ 35. d5 Qc8 36. Rdg1 h6 37. Rg6 Qc7 38. Qh3 Kh7 39. Qd3 Kh8 40. Qxb5
Nb7 41. Qe2 Qf7 42. Qb2+ Kh7 43. Qg2 Nc5 44. b4 Nd7 45. Qe4 Qxg6 46. Rxg6 Kxg6
47. Qe6+ Nf6 48. Qe2 Re8 49. Qg2+ Kf7 50. Qc2 Re1+ 0-1

[Event "First Saturday 2011 szeptember FM"]
[Site "Budapest"]
[Date "2011.09.12"]
[Round "10"]
[White "Szatmari, David"]
[Black "Zala, Gyula"]
[Result "1-0"]
[WhiteElo "2021"]
[BlackElo "2003"]
[PlyCount "73"]
[EventDate "2011.09.03"]

1. e4 e5 2. Nf3 d5 3. exd5 e4 4. Qe2 Be7 5. Qxe4 Nf6 6. Qa4+ Nbd7 7. Nc3 a6 8.
Be2 O-O 9. O-O b5 10. Qd4 Re8 11. d3 Bb7 12. b4 a5 13. Ba3 Nb6 14. Rfe1 Nbxd5
15. Nxb5 axb4 16. Bb2 c6 17. c4 c5 18. Qe5 Bc6 19. a4 Bxb5 20. axb5 Rxa1 21.
Bxa1 Bd6 22. Qf5 Nc3 23. Kf1 h6 24. Nd2 Qe7 25. Qf3 Bxh2 26. g3 h5 27. Bxc3
bxc3 28. Ne4 Ng4 29. Nxc3 f5 30. Nd5 Qe5 31. Qf4 Qb2 32. Bxg4 Rxe1+ 33. Kxe1
fxg4 34. Ne7+ Kh8 35. Qf8+ Kh7 36. Qf5+ Kh8 37. Qxh5# 1-0

[Event "First Saturday 2011 szeptember FM"]
[Site "Budapest"]
[Date "2011.09.12"]
[Round "10"]
[White "Juracsik, Jozsef"]
[Black "Dancs, Zsolt"]
[Result "1/2-1/2"]
[WhiteElo "2178"]
[BlackElo "2156"]
[PlyCount "30"]
[EventDate "2011.09.03"]

1. e4 e5 2. Nf3 Nc6 3. Bb5 a6 4. Ba4 Nf6 5. O-O Be7 6. Re1 b5 7. Bb3 d6 8. c3
O-O 9. d4 Bg4 10. d5 Na5 11. Bc2 c6 12. h3 Bc8 13. dxc6 Qc7 14. Nbd2 Qxc6 15.
Nf1 Be6 1/2-1/2

[Event "First Saturday 2011 szeptember FM"]
[Site "Budapest"]
[Date "2011.09.13"]
[Round "11"]
[White "Zala, Gyula"]
[Black "Juracsik, Jozsef"]
[Result "0-1"]
[WhiteElo "2003"]
[BlackElo "2178"]
[PlyCount "84"]
[EventDate "2011.09.03"]

1. d4 c5 2. e3 Nf6 3. f4 b6 4. Nf3 g6 5. c3 Bg7 6. Bd3 Bb7 7. O-O O-O 8. f5 e6
9. fxg6 hxg6 10. Qe1 d5 11. Nbd2 Ne4 12. h4 Nd7 13. g4 e5 14. dxe5 Nxe5 15.
Nxe5 Bxe5 16. Nxe4 dxe4 17. Be2 Kg7 18. Qf2 Qd7 19. Qg2 Rad8 20. a4 Bc6 21. Ra2
Qe6 22. c4 Rh8 23. h5 Rh7 24. b3 Kh8 25. Bd1 gxh5 26. Bb2 Bxb2 27. Qxb2+ Kg8
28. Qg2 Rg7 29. Rd2 Rxd2 30. Qxd2 hxg4 31. Qd8+ Qe8 32. Qxe8+ Bxe8 33. Rf4 Bd7
34. Rxe4 f5 35. Rf4 Re7 36. Kf2 Kg7 37. Bc2 Kf6 38. e4 Kg5 39. Ke3 fxe4 40. Bd1
Bf5 41. Be2 Rh7 42. Bf1 Rh2 0-1

[Event "First Saturday 2011 szeptember FM"]
[Site "Budapest"]
[Date "2011.09.13"]
[Round "11"]
[White "Farkas, Richard"]
[Black "Szatmari, David"]
[Result "1-0"]
[WhiteElo "2009"]
[BlackElo "2021"]
[PlyCount "57"]
[EventDate "2011.09.03"]

1. e4 e5 2. Nf3 Nf6 3. d4 exd4 4. e5 Ne4 5. Qxd4 d5 6. exd6 Nxd6 7. Bd3 Nc6 8.
Qe3+ Be7 9. O-O O-O 10. c3 Nf5 11. Qe2 Bf6 12. Qc2 g6 13. Bf4 Be6 14. Nbd2 Nce7
15. Ne4 Bg7 16. Nc5 Bd5 17. Be4 b6 18. Bxd5 Nxd5 19. Bg5 f6 20. Ne6 Qe7 21.
Nxg7 fxg5 22. Nxf5 Rxf5 23. Rfe1 Qf7 24. Ne5 Qe6 25. Ng4 Qd7 26. Nh6+ Kg7 27.
Nxf5+ gxf5 28. Rad1 Qf7 29. Re5 1-0

[Event "First Saturday 2011 szeptember FM"]
[Site "Budapest"]
[Date "2011.09.13"]
[Round "11"]
[White "Jamalia, Natalie"]
[Black "Letay, Gyula"]
[Result "1-0"]
[WhiteElo "1942"]
[BlackElo "2028"]
[PlyCount "111"]
[EventDate "2011.09.03"]

1. e4 e5 2. Nf3 Nc6 3. Bb5 a6 4. Ba4 Nf6 5. Qe2 b5 6. Bb3 Bc5 7. c3 Bb6 8. d3
h6 9. O-O d6 10. Be3 Bxe3 11. Qxe3 O-O 12. h3 Na5 13. Bc2 c5 14. Nbd2 Qe7 15.
Rfe1 Nc6 16. d4 cxd4 17. cxd4 Nh5 18. d5 Nb4 19. Bd1 Nf4 20. Qc3 Nbd3 21. Re3
Nc5 22. b4 Nd7 23. a4 Bb7 24. Ne1 Rfc8 25. Qb2 bxa4 26. Bxa4 Nb6 27. Nd3 Nc4
28. Nxc4 Rxc4 29. Rae1 Rac8 30. Nxf4 exf4 31. R3e2 f3 32. gxf3 Qg5+ 33. Kh2
Qf4+ 34. Kg2 R8c7 35. Qd2 Qh4 36. Bb3 Rc3 37. Re3 Qg5+ 38. Kh1 Rxb3 39. Rg1 Qf4
40. Qd4 g5 41. Rxb3 Qh4 42. f4 Qxf4 43. Rg4 Qc1+ 44. Rg1 Qf4 45. Qe3 Qh4 46.
Rg4 Qh5 47. f4 f6 48. Rc3 Re7 49. Qd4 Qf7 50. f5 h5 51. Rg2 Kh7 52. Kh2 Kh6 53.
Rgc2 Kg7 54. Qb6 Kh6 55. Rc7 Bxd5 56. Qxd6 1-0

[Event "First Saturday 2011 szeptember FM"]
[Site "Budapest"]
[Date "2011.09.13"]
[Round "11"]
[White "Tran, Minh Thang"]
[Black "Mayer, Istvan"]
[Result "1-0"]
[WhiteElo "2133"]
[BlackElo "2063"]
[PlyCount "71"]
[EventDate "2011.09.03"]

1. d4 Nf6 2. Bf4 d6 3. Nf3 g6 4. e3 Bg7 5. Be2 Nbd7 6. h3 c6 7. O-O O-O 8. c4
Ne4 9. Nc3 Nxc3 10. bxc3 Qa5 11. Qb3 e5 12. Bh2 Re8 13. Rad1 exd4 14. cxd4 d5
15. cxd5 cxd5 16. Rc1 Nf8 17. Bc7 b6 18. Rc5 Ba6 19. Rxa5 Bxe2 20. Re1 Bc4 21.
Qa3 bxa5 22. Qxa5 Ne6 23. Be5 f6 24. Bg3 Rad8 25. Rb1 Rd7 26. Qa4 Ree7 27. Nd2
Bd3 28. Rb3 Be2 29. Qc6 Nd8 30. Qc8 Kf7 31. Rb8 Bf8 32. Nb3 Ne6 33. Nc5 Rd8 34.
Qc6 Rxb8 35. Bxb8 Bc4 36. Bd6 1-0

[Event "First Saturday 2011 szeptember FM"]
[Site "Budapest"]
[Date "2011.09.13"]
[Round "11"]
[White "Heyl, Thomas"]
[Black "Darazs, Zoltan"]
[Result "1/2-1/2"]
[WhiteElo "2069"]
[BlackElo "2127"]
[PlyCount "37"]
[EventDate "2011.09.03"]

1. d4 Nf6 2. Nf3 g6 3. g3 Bg7 4. Bg2 O-O 5. O-O d5 6. c4 dxc4 7. Nc3 c5 8. d5
e6 9. dxe6 Bxe6 10. Ng5 Qxd1 11. Rxd1 Nc6 12. Nxe6 fxe6 13. Be3 Nd4 14. Bxd4
cxd4 15. Rxd4 Nd5 16. Rxc4 Nxc3 17. bxc3 Rac8 18. Rxc8 Rxc8 19. Bxb7 1/2-1/2